Le groupe des 24 dit G24 - Statistiques

Statistiques générales
  • Ce quiz a été pris 17 fois
  • Le résultat moyen est 16 sur 24
Statistiques - réponses
Hint Réponse % Correct
Amérique Brésil
100%
Amérique Argentine
94%
Afrique Egypte
88%
Afrique Afrique-du-Sud
81%
Afrique Algérie
81%
Amérique Colombie
81%
Asie Iran
81%
Amérique Venezuela
81%
Asie Inde
75%
Amérique Mexique
75%
Afrique Nigeria
75%
Amérique Pérou
75%
Amérique Guatemala
69%
Asie Pakistan
69%
Afrique RD Congo
69%
Afrique Ethiopie
63%
Afrique Côte d'ivoire
56%
Asie Philippines
50%
Asie Syrie
50%
Afrique Ghana
38%
Asie Liban
38%
Afrique Gabon
31%
Asie Sri Lanka
31%
Amérique Trinité-et-Tobago
25%
Aucun quiz correspondant
Distribution des résultats
% des personnes avec chaque résultat
Percentile par nombre de réponses
Votre historique - résultats
Vous n’avez pas pris ce quiz